| 000 | 00980cam a2200277 a 4500 | ||
|---|---|---|---|
| 003 | OSt | ||
| 005 | 20260205154606.0 | ||
| 008 | 940309s1994 mau b 001 0 eng | ||
| 020 | _a0316706183 : | ||
| 020 | _a9780316706186 | ||
| 035 | _a1123641 | ||
| 040 |
_aKABLIB _cKABLIB _beng _erda |
||
| 082 | 0 | 0 |
_a320.973 _223 _bPHI |
| 100 | 1 |
_aPhillips, Kevin, _915478 |
|
| 245 | 1 | 0 |
_aArrogant capital : _bWashington, Wall Street, and the frustration of American politics / _cKevin Phillips. |
| 250 | _a1st ed. | ||
| 260 |
_aBoston : _bLittle, Brown and Co., _cc1994. |
||
| 300 |
_axviii, 231 p. ; _c25 cm. |
||
| 504 | _aIncludes bibliographical references and index. | ||
| 650 | 0 |
_aPolitical corruption _zUnited States. _915479 |
|
| 650 | 0 |
_aLobbying _xCorrupt practices _zUnited States. _915480 |
|
| 650 | 0 |
_aPressure groups _zUnited States. _915481 |
|
| 650 | 0 |
_aSocial movements _zUnited States. _915236 |
|
| 651 | 0 |
_aUnited States _xPolitics and government. _915281 |
|
| 942 |
_2ddc _cBOOK |
||
| 999 |
_c6092 _d6092 |
||